000 01082nam a22001937a 4500
999 _c60755
_d60755
005 20231019101622.0
008 231019s1987ru xxu||||| |||| 00| 0 rus d
041 _arus
080 _a031(47+57 С-56
245 _aСоветский энциклопедический словарь /
_cГл. ред. А. М. Прохоров, ред. кол.: А. А. Гусев, И. Л. Кнунянц, М. И. Кузнецов и др
250 _a4-е изд.
264 _a Москва :
_bСоветская энциклопедия,
_c1987.
300 _a1599 с.,
_bил.
_c29 см.
653 _aСоветский энциклопедический словарь
653 _aсправочные издания, энциклопедии СССР, словари, энциклопедические словари
653 _aლექსიკონები, ენციკლოპედიური ლექსიკონები
700 _aПрохоров, А. М.
_eმთავარი რედაქტორი და სხვ..
_920119
942 _2udc
_cBK